Welfare in Slovakia: Income Inequalities and beyond GDP Assessment

Na minha lista:
Detalhes bibliográficos
Autor principal: Nežinský, Eduard, 1972-
Autor Corporativo: Národohospodárska fakulta EU. Katedra hospodárskej politiky
Outros Autores: Silanič, Peter, 1984-, Ševček, Tomáš, 1997-, Nemcová, Edita, Péliová, Jana, 1976-
Formato: Livro
Idioma:inglês
Publicado em: Bratislava Vydavateľstvo EKONÓM 2022
Edição:1. vydanie
Assuntos:
Tags: Adicionar Tag
Sem tags, seja o primeiro a adicionar uma tag!

MARC

LEADER 00000nam a2200000 4500
001 0290433
005 20240717113309.5
020 |a 978-80-225-5023-9 
041 0 |a eng 
044 |a SK 
245 1 0 |a Welfare in Slovakia: Income Inequalities and beyond GDP Assessment  |c Eduard Nežinský, Peter Silanič, Tomáš Ševček ; Reviewers: Edita Nemcová, Jana Péliová 
250 |a 1. vydanie 
264 1 |a Bratislava  |b Vydavateľstvo EKONÓM  |c 2022 
300 |a 58 s. [4,39 AH] 
610 2 0 |a blahobyt 
610 2 0 |a nerovnosť príjmová 
610 2 0 |a produkt domáci hrubý 
610 2 0 |a regióny 
610 2 0 |a Slovensko 
100 1 |a Nežinský, Eduard, 1972- 
700 1 |a Silanič, Peter, 1984- 
700 1 |a Ševček, Tomáš, 1997- 
700 1 |a Nemcová, Edita 
700 1 |a Péliová, Jana, 1976- 
710 2 |a Národohospodárska fakulta EU. Katedra hospodárskej politiky